Marfiles (Record no. 826)

MARC details
000 -CABECERA
campo de control de longitud fija 01338nam a2200289 a 4500
001 - NÚMERO DE CONTROL
campo de control BRCA_937
005 - FECHA Y HORA DE LA ÚLTIMA TRANSACCIÓN
campo de control 20190320203219.0
008 - DATOS DE LONGITUD FIJA--INFORMACIÓN GENERAL
campo de control de longitud fija 980610s1997 mx-a---##b---#001-0#spa-#
020 ## - NÚMERO INTERNACIONAL ESTÁNDAR DEL LIBRO
Número Internacional Estándar del Libro 9686258590
040 ## - FUENTE DE LA CATALOGACIÓN
Centro catalogador/agencia de origen DLC
Centro/agencia transcriptor DLC
Centro/agencia modificador DLC
050 #4 - SIGNATURA TOPOGRÁFICA DE LA BIBLIOTECA DEL CONGRESO
Número de clasificación NK5962
Número de documento/Ítem .E88 1997
100 1# - ENTRADA PRINCIPAL--NOMBRE DE PERSONA
Nombre de persona Estella Marcos, Margarita M.
9 (RLIN) 3092
245 10 - MENCIÓN DE TÍTULO
Título Marfiles
Resto del título de las provincias ultramarinas orientales de España y Portugal
Mención de responsabilidad, etc. Margarita Mercedes Estella Marcos ; prólogo Guillermo Tovar de Teresa ; edición Lydia Sada de González ; fotografía José Ignacio González Manterola.
260 ## - PUBLICACIÓN, DISTRIBUCIÓN, ETC.
Lugar de publicación, distribución, etc. Monterrey, México
Nombre del editor, distribuidor, etc. Cydsa
Fecha de publicación, distribución, etc. 1997
300 ## - DESCRIPCIÓN FÍSICA
Extensión 351 p.
Otras características físicas il. a color, mapas
Dimensiones 34 cm.
500 ## - NOTA GENERAL
Nota general Incluye índice onomástico y glosario
504 ## - NOTA DE BIBLIOGRAFÍA, ETC.
Nota de bibliografía, etc. Bibliografía: p. 341-345
650 14 - PUNTO DE ACCESO ADICIONAL DE MATERIA--TÉRMINO DE MATERIA
Término de materia o nombre geográfico como elemento de entrada Marfiles
Subdivisión de forma Catálogos
Subdivisión general Influencias portuguesas
Subdivisión geográfica Asia del Sur
9 (RLIN) 3093
650 14 - PUNTO DE ACCESO ADICIONAL DE MATERIA--TÉRMINO DE MATERIA
Término de materia o nombre geográfico como elemento de entrada Marfiles
Subdivisión de forma Catálogos
Subdivisión general Influencias españolas
Subdivisión geográfica Filipinas
9 (RLIN) 3094
650 14 - PUNTO DE ACCESO ADICIONAL DE MATERIA--TÉRMINO DE MATERIA
Término de materia o nombre geográfico como elemento de entrada Arte cristiano y simbolismo
Subdivisión de forma Catálogos
Subdivisión cronológica Periodo moderno, 1500-
Subdivisión geográfica Asia del Sur
9 (RLIN) 3095
650 14 - PUNTO DE ACCESO ADICIONAL DE MATERIA--TÉRMINO DE MATERIA
Término de materia o nombre geográfico como elemento de entrada Arte cristiano y simbolismo
Subdivisión de forma Catálogos
Subdivisión geográfica Filipinas
9 (RLIN) 3096
650 14 - PUNTO DE ACCESO ADICIONAL DE MATERIA--TÉRMINO DE MATERIA
Término de materia o nombre geográfico como elemento de entrada Marfiles
Subdivisión de forma Trabajos Ilustrados
Subdivisión general Influencias portuguesas
Subdivisión geográfica Asia del Sur
9 (RLIN) 3097
700 1# - PUNTO DE ACCESO ADICIONAL--NOMBRE DE PERSONA
Nombre de persona Tovar de Teresa, Guillermo
9 (RLIN) 3098
700 1# - PUNTO DE ACCESO ADICIONAL--NOMBRE DE PERSONA
Nombre de persona Sada de González, Lydia
9 (RLIN) 3099
700 1# - PUNTO DE ACCESO ADICIONAL--NOMBRE DE PERSONA
Nombre de persona González Manterola, José Ignacio
9 (RLIN) 2339
942 ## - ELEMENTOS DE PUNTO DE ACCESO ADICIONAL (KOHA)
Fuente del sistema de clasificación o colocación Library of Congress Classification
Tipo de ítem Koha Libros
Holdings
Estado de retiro Estado de pérdida Estado dañado No para préstamo Localización permanente Ubicación/localización actual Fecha de adquisición Total de préstamos Signatura topográfica completa Código de barras Fecha visto por última vez Precio válido a partir de Tipo de ítem Koha
El ejemplar forma parte de la colección y puede ser consultado según las políticas vigentes.       Biblioteca del Museo Franz Mayer (Rogerio Casas-Alatriste) Biblioteca del Museo Franz Mayer (Rogerio Casas-Alatriste) 26/06/2008   NK5962 .E88 1997 01427 22/03/2019 22/03/2019 Libros